000 01265namaa22003131i 4500
005 20260624120121.0
008 260611s1994 ua a|||frm||| 000 0 eng d
040 _aEG-GICUC
_beng
_cEG-GICUC
_dEG-GICUC
_erda
041 0 _aeng
_beng
_bara
049 _aDeposit
097 _aM.Sc
099 _aCai01.11.18.M.Sc.1994.Sa.A.
100 0 _aSabah Abdel-Monem Labib,
_epreparation.
245 1 0 _aAdvances In Prophylaxis And Mangement Of Bleeding Oesophageal Varices /
_cBy Sabah Abdel-Monem Labib; Supervised By Prof. Dr. Alaa Elzayat, Prof.Dr. Mazen I. Naga.
246 1 5 _aالجديد في الوقاية من وعلاج دوالي المرئ النازفة
264 0 _c1994.
300 _a174 Leaves :
_billustrations ;
_c30 cm. +
336 _2rda content
_atext
337 _2rdamedia
_aUnmediated
338 _2rdacarrier
_avolume
502 _aThesis (M.Sc.)-Cairo University, 1994.
504 _aBibliography: pages 139-174.
653 0 _aInternal Medicine
700 0 _aAlaa Elzayat
_ethesis advisor.
700 0 _aMazen I. Naga
_ethesis advisor.
900 _D Department of Internal Medicine
_FFaculty of Medicine
_UCairo University
_b1994
_cAlaa Elzayat
_cMazen I. Naga
905 _aEman El gebaly
_eNourhan
942 _2ddc
_cTH
_e21
_n0
999 _c180506